Detalles MARC
| 000 -ENCABEZADO |
| Número de control [NR] |
02926nam a22003497i 4500 |
| 001 - NÚMERO DE CONTROL |
| control field |
B-12610 |
| 003 - IDENTIFICADOR DE CONTROL NÚMERO |
| control field |
CO-BoFNCP |
| 007 - CAMPO DESCRIPCIÓN FÍSICA FIJA - INFORMACIÓN GENERAL |
| fixed length control field |
t|| |
| 008 - DE LONGITUD FIJA DE DATOS DE ELEMENTOS - INFORMACIÓN GENERAL |
| Elementos de longitud fija [NR] |
090929s2008 my a f z eng d |
| 040 ## - FUENTE DE CATALOGACION [NR] |
| Agencia de catalogación original [NR] |
CO-BoFNCP |
| Idioma de catalogación [NR] |
Español |
| Quien Cataloga |
CO-BoFNCP |
| Convenciones de la descripción [NR] |
rda |
| 041 ## - CODIGO DE IDIOMA [R] |
| Código de idioma para texto/pista de sonido o título separado [R] |
Inglés |
| 043 ## - CODIGO DE AREA GEOGRAFICA [NR] |
| Código de área geográfica [R] |
my |
| 084 ## - OTRO NUMERO DE CLASIFICACION [R] |
| Número clasificador [R] |
A- |
| 100 1# - ASIENTO PRINCIPAL--NOMBRE PERSONAL [NR] |
| Nombre personal [NR] |
Khairudin, Hashim |
| ID Autoridad |
41385, |
| Término relacionador [R] |
autor. |
| Relator code |
aut |
| 245 13 - MENCION DE TITULO [NR] |
| Título [NR] |
An overview of the current status of Ganoderma basal stem rot and its management in a large plantation group in Malaysia. |
| 264 #4 - PRODUCCIÓN, PUBLICACIÓN, DISTRIBUCIÓN, FABRICACIÓN Y COPYRIGHT |
| Fecha de producción, publicación, distribución, fabricación o copyright |
©2008 |
| 300 ## - DESCRIPCION FISICA [R] |
| Extensión [R] |
páginas 469-482 : |
| Otros detalles físicos [NR] |
Tablas. |
| 336 ## - TIPO DE CONTENIDO |
| Término de tipo de contenido |
texto |
| Código de tipo de contenido |
txt |
| Fuente |
rdacontent |
| 337 ## - TIPO DE MEDIO |
| Nombre/término del tipo de medio |
sin mediación |
| Código del tipo de medio |
n |
| Fuente |
rdamedia |
| 338 ## - TIPO DE SOPORTE |
| Nombre/término del tipo de soporte |
volumen |
| Código del tipo de soporte |
nc |
| Fuente |
rdacarrier |
| 504 ## - NOTA DE BIBLIOGRAFIA, ETC. [R] |
| Nota de bibliografía, etc. [NR] |
Incluye referencias bibliográficas. |
| 520 ## - NOTA DE RESUMEN, ETC. [R] |
| Nota de sumario, etc. [NR] |
Ganoderma basal stem rot is now a serious disease prevalent in all oil palm areas in Malaysia, irrespective of coastal, peat or inland soils. The disease is evidently spreading, although in general the incidence is still relatively low where sanitary measures against the disease have been undertaken. Infection of BSR appeared to advance faster in subsequent generations of oil palm planting. This is related to the larger amount of accumulated field inoculum from the previous crop, but there is also a possibility of evolution of more virulent strains of the pathogen. The matting system of G. boninense strongly favours outcrossing and this provides a possible mechanism for the selection of pathogen virulence. The current approach in managing the disease primarily aims at minimising incidence and mitigating impact of the disease. A very important activity is the destruction of disease inoculum sources during replanting. This measure is effective in containing the disease in new replants a very low levels. However, in practice this is often not adequately implemented, resulting in serious re-infection of new planting. The introduction of a certification scheme to ensure compliance with the best practices towards minimising Ganoderma inoculum as stipulated in the planting policy helps alleviate this problem. Biological control using antagonistic fungi such as Trichoderma spp. appeared promising but still requires further development especially in delivery system and ensuring sustainability and persistency of the antagonists in the oil palm rhizosphere. It is envisaged that the use of Ganoderma tolerant planting materials as a component of integrated disease management would be more realistic and could be achieved sooner than expected with the rapid advance of molecular technology and oil palm in vitro propagation techniques. |
| 650 #0 - ASIENTO SECUNDARIO DE MATERIA - TERMINO TEMATICO [R] |
| Término temático o nombre geográfico como elemento de entrada [NR] |
Enfermedades de las plantas. |
| 9 (RLIN) |
9341 |
| 650 #0 - ASIENTO SECUNDARIO DE MATERIA - TERMINO TEMATICO [R] |
| Término temático o nombre geográfico como elemento de entrada [NR] |
Ganoderma. |
| 9 (RLIN) |
11160 |
| 650 #0 - ASIENTO SECUNDARIO DE MATERIA - TERMINO TEMATICO [R] |
| Término temático o nombre geográfico como elemento de entrada [NR] |
Plagas. |
| 9 (RLIN) |
20581 |
| 650 #0 - ASIENTO SECUNDARIO DE MATERIA - TERMINO TEMATICO [R] |
| Término temático o nombre geográfico como elemento de entrada [NR] |
Palma de aceite |
| 9 (RLIN) |
37678. |
| 700 1# - ASIENTO SECUNDARIO - NOMBRE PERSONAL [R] |
| Nombre personal [NR] |
Tey, Chin Chong |
| 9 (RLIN) |
41386. |
| 773 0# - ASIENTO DEL ITEM FUENTE [R] |
| Asiento principal [NR] |
The Planter (Malasia) |
| Información sobre la relación [R] |
v. 84, no. 988 (2008), p.469-482 |
| Número de control del registro [R] |
A- |
| Número Internacional Normalizado para Publicaciones Seriadas - ISSN [NR] |
0126-575x |
| 942 ## - ELEMENTOS DE ENTRADA AGREGADOS (KOHA) |
| Sistema de clasificación |
Local |
| Tipo de ítem principal el descrito en 300a |
Artículo |
| 999 ## - NÚMEROS DE SISTEMAS DE CONTROL (KOHA) |
| Koha biblionumber |
26582 |
| 999 ## - NÚMEROS DE SISTEMAS DE CONTROL (KOHA) |
| Registro cosechable |
Si |